000 00304nam a22001337a 4500
008 170914b xxu||||| |||| 00| 0 eng d
020 _a9780393057294
041 _aeng
080 _a7
100 _a44
101 _aART
245 _aCOMPLETE GUIDE TO DIGITAL PHOTOGRAPHY
_cSAMMON, R
942 _2udc
_cBK
999 _c27502
_d27502